Paroles Ta marinière-Hoshi - Statistiques

Statistiques générales
  • Ce quiz a été pris 2 491 fois
    1 394 depuis la dernière actualisation
  • Le résultat moyen est 388 sur 499
Statistiques - réponses
Réponse % Correct
ma
98%
ta
98%
A
97%
à
97%
Je
96%
je
96%
la
96%
sur
96%
du
95%
marin
95%
marinière
95%
Marinière
95%
me
95%
de
94%
au
92%
Et
92%
te
92%
tu
92%
Tu
92%
mer
91%
cherche
90%
d'un
90%
poissons
90%
que
90%
Que
90%
un
90%
bouffer
89%
jeté
89%
poisssons
89%
Pour
89%
pour
89%
aux
88%
donner
88%
trait
88%
d'union
87%
boire
85%
c'est
85%
C'est
85%
notre
85%
d'avril
84%
l'as
84%
ton
84%
pas
83%
Ne
82%
en
81%
Nous
81%
nous
81%
fil
80%
deux
79%
miroir
78%
nos
78%
pire
78%
amoureux
77%
mon
76%
découvre
74%
le
73%
tes
73%
T'es
73%
t'es
73%
Dans
72%
dans
72%
rendrais
72%
est
69%
coeur
68%
suis
68%
sa
67%
fait
65%
on
64%
On
64%
si
64%
les
63%
son
63%
t'as
63%
T'as
63%
bonheur
62%
cigarette
62%
tabac
62%
Alors
61%
Derrière
61%
maillot
61%
main
61%
quête
61%
qu'il
61%
âme
60%
bain
60%
ou
60%
tout
60%
Elle
59%
Célibataire
58%
demain
58%
Mais
58%
Peut-être
58%
piraté
58%
rien
58%
jusqu'à
57%
terre
56%
vague
56%
draps
55%
j'ai
55%
air
54%
bateau
54%
Prêt
54%
surfais
54%
rends
53%
rester
53%
bas
52%
dérive
52%
dingue
52%
tribord
52%
veux
52%
bâbord
51%
Enlève
51%
jolie
51%
trésor
51%
corps
50%
Même
50%
même
50%
rame
50%
raté
50%
fasse
49%
hauts
49%
rêve
49%
rive
49%
s'donne
49%
bringue
48%
moins
48%
partira
48%
toutes
48%
aura
47%
courant
47%
essayé
47%
l'autre
47%
nuits
47%
marrant
46%
cata
45%
fera
44%
Viens
44%
équipage
43%
madrague
43%
nage
43%
naufrage
43%
porte
43%
sûrement
43%
jetée
42%
j'sais
42%
l'abordage
42%
t'attends
42%
passe
41%
viennes
41%
criant
40%
lorsque
40%
bien
39%
Quitte
39%
revenir
39%
aujourd'hui
38%
autre
38%
L'océan
38%
qu'tu
38%
vois
38%
câble
37%
Donc
37%
l'on
37%
Avant
36%
emporte
36%
pétes
36%
qu'un
36%
parce
34%
plonge
34%
ripostes
34%
sable
33%
séjour
33%
t'accoste
33%
l'amour
31%
qu'j't'avais
31%
prolonge
28%
Rattrapez-moi
23%
courons
19%
Aucun quiz correspondant
Distribution des résultats
% des personnes avec chaque résultat
Percentile par nombre de réponses
Votre historique - résultats
Vous n’avez pas pris ce quiz depuis la dernière actualisation